Statistics for Daily U.S. State Riddle #10

Click here to take the quiz!

General Stats

  • This quiz has been taken 97 times
  • The average score is 32 of 39

Answer Stats

TypeAnswer% Correct
Found LetterA
100%
Found LetterN
100%
Alphabet LetterO
100%
Alphabet LetterR
100%
Alphabet LetterT
100%
Found LetterE
99%
Alphabet LetterH
99%
Found LetterI
99%
Found LetterL
99%
Found LetterS
99%
Alphabet LetterC
98%
Alphabet LetterK
96%
Alphabet LetterM
95%
Alphabet LetterU
95%
Alphabet LetterW
95%
Alphabet LetterD
93%
Alphabet LetterG
93%
Found LetterY
91%
Alphabet LetterF
83%
Alphabet LetterB
80%
Found LetterV
80%
Found LetterP
78%
Alphabet LetterX
78%
Alphabet LetterZ
75%
Alphabet LetterJ
73%
Correctly Placed LetterA
68%
Correctly Placed LetterA
68%
Correctly Placed Letter
S
68%
Correctly Placed LetterE
68%
Correctly Placed LetterI
68%
Correctly Placed LetterL
68%
Correctly Placed LetterN
68%
Correctly Placed LetterN
68%
Correctly Placed LetterN
68%
Correctly Placed LetterP
68%
Mystery U.S. StatePennsylvania
68%
Alphabet LetterQ
68%
Correctly Placed LetterV
68%
Correctly Placed LetterY
68%

Score Distribution

Percentile by Number Answered

Percent of People with Each Score

Your Score History

You have not taken this quiz